|
|
|
|
| LEADER |
03537nam a2200541 4500 |
| 001 |
978-3-319-78887-6 |
| 003 |
DE-He213 |
| 005 |
20191029032448.0 |
| 007 |
cr nn 008mamaa |
| 008 |
180329s2018 gw | s |||| 0|eng d |
| 020 |
|
|
|a 9783319788876
|9 978-3-319-78887-6
|
| 024 |
7 |
|
|a 10.1007/978-3-319-78887-6
|2 doi
|
| 040 |
|
|
|d GrThAP
|
| 050 |
|
4 |
|a GF1-900
|
| 072 |
|
7 |
|a RGC
|2 bicssc
|
| 072 |
|
7 |
|a SOC015000
|2 bisacsh
|
| 072 |
|
7 |
|a RGC
|2 thema
|
| 082 |
0 |
4 |
|a 304.2
|2 23
|
| 100 |
1 |
|
|a Principato, Ludovica.
|e author.
|4 aut
|4 http://id.loc.gov/vocabulary/relators/aut
|
| 245 |
1 |
0 |
|a Food Waste at Consumer Level
|h [electronic resource] :
|b A Comprehensive Literature Review /
|c by Ludovica Principato.
|
| 250 |
|
|
|a 1st ed. 2018.
|
| 264 |
|
1 |
|a Cham :
|b Springer International Publishing :
|b Imprint: Springer,
|c 2018.
|
| 300 |
|
|
|a XIV, 64 p. 3 illus. in color.
|b online resource.
|
| 336 |
|
|
|a text
|b txt
|2 rdacontent
|
| 337 |
|
|
|a computer
|b c
|2 rdamedia
|
| 338 |
|
|
|a online resource
|b cr
|2 rdacarrier
|
| 347 |
|
|
|a text file
|b PDF
|2 rda
|
| 490 |
1 |
|
|a SpringerBriefs in Environmental Science,
|x 2191-5547
|
| 505 |
0 |
|
|a 1.The Complexity of Food Waste at Consumer Level -- 2. Factors and Behaviors Affecting Food Waste at Consumer Level -- 3. Food Policies to Tackle Food Waste: a classification- 4. Food waste initiatives at consumption level: a categorization -- Conclusion.
|
| 520 |
|
|
|a This book presents what is the state-of-the-art in the field of the food waste phenomenon at consumer level, including a thorough literature review, and it highlights trends in the field. It provides a comprehensive starting point for future research. Food waste represents a major public policy issue, which is included in the UN Sustainable Development Goals. In this context, the present work identifies the most important definitions given to food waste and its environmental, social and economic impacts. With a comprehensive literature review that covers a forty-year time span (1977-2017), this book highlights the multiple, complex facets of food waste at the consumer level. Drawing from behavioural and marketing theories, it proposes a new theoretical framework with the aim to better explain food waste behaviour. Extensive research is being carried out on the main worldwide initiatives (both public and private) and food policies aimed at tackling the phenomenon. .
|
| 650 |
|
0 |
|a Human geography.
|
| 650 |
|
0 |
|a Environmental education.
|
| 650 |
|
0 |
|a Motivation research (Marketing).
|
| 650 |
|
0 |
|a Public policy.
|
| 650 |
|
0 |
|a Industrial management-Environmental aspects.
|
| 650 |
1 |
4 |
|a Human Geography.
|0 http://scigraph.springernature.com/things/product-market-codes/X26000
|
| 650 |
2 |
4 |
|a Environmental and Sustainability Education.
|0 http://scigraph.springernature.com/things/product-market-codes/O48000
|
| 650 |
2 |
4 |
|a Consumer Behavior.
|0 http://scigraph.springernature.com/things/product-market-codes/513060
|
| 650 |
2 |
4 |
|a Public Policy.
|0 http://scigraph.springernature.com/things/product-market-codes/911060
|
| 650 |
2 |
4 |
|a Sustainability Management.
|0 http://scigraph.springernature.com/things/product-market-codes/515040
|
| 710 |
2 |
|
|a SpringerLink (Online service)
|
| 773 |
0 |
|
|t Springer eBooks
|
| 776 |
0 |
8 |
|i Printed edition:
|z 9783319788869
|
| 776 |
0 |
8 |
|i Printed edition:
|z 9783319788883
|
| 830 |
|
0 |
|a SpringerBriefs in Environmental Science,
|x 2191-5547
|
| 856 |
4 |
0 |
|u https://doi.org/10.1007/978-3-319-78887-6
|z Full Text via HEAL-Link
|
| 912 |
|
|
|a ZDB-2-EES
|
| 950 |
|
|
|a Earth and Environmental Science (Springer-11646)
|